000 00340nam a22001577a 4500
003 OSt
005 20210921153422.0
008 210921b |||||||| |||| 00| 0 eng d
020 _a8122417116
040 _chU
082 _a330.015195
245 _aEconometrics
260 _aNew DELHI
_bLTE
_c2006
300 _a682
942 _2ddc
_cBOOKS
_n0
999 _c5609
_d5609